Normal view
MARC view
- SUPERVISOR DR ALMAS ANJUM
Entry Personal Name
001 - CONTROL NUMBER
- control field: 72284
003 - CONTROL NUMBER IDENTIFIER
- control field: NUST
005 - DATE AND TIME OF LATEST TRANSACTION
- control field: 20210628204753.0
008 - FIXED-LENGTH DATA ELEMENTS
- fixed length control field: 210628|| aca||aabn | a|a d
040 ## - CATALOGING SOURCE
- Original cataloging agency: NUST
- Transcribing agency: NUST
100 ## - HEADING--PERSONAL NAME
- Personal name: SUPERVISOR DR ALMAS ANJUM
670 ## - SOURCE DATA FOUND
- Source citation: Work cat.: (NUST): SAAD,ADNAN,FURQAN 72282, PR-SOF-1010-DESIGN AND IMPLEMENTATON OF A RECONFIGURABLE WIRELESS BROADBAND MODEM, 2010
